[Event "Barcelona op-B"]
[Site "Barcelona"]
[Date "1998.??.??"]
[Round "2"]
[White "Piqueras Mateo, Pere"]
[Black "Zamora Estrada, Sergi"]
[Result "1-0"]
[WhiteElo "1970"]
[BlackElo "1915"]
[PlyCount "77"]
[EventDate "1998.??.??"]
[EventType "swiss"]
[EventRounds "8"]
[EventCountry "ESP"]
[SourceTitle "EXT 2019"]
[Source "ChessBase"]
[SourceDate "2018.10.10"]
[SourceVersion "1"]
[SourceVersionDate "2018.10.10"]
[SourceQuality "1"]

1. e4 d5 2. exd5 Nf6 3. Bb5+ Bd7 4. Bc4 Bg4 5. f3 Bf5 6. Nc3 c6 7. dxc6 Nxc6 8. Nge2 Qb6 9. d3 e6 10. Bd2 a6 11. Ng3 Bg6 12. Bb3 Bc5 13. Qe2 Qc7 14. 0-0-0 Nd4 15. Qe1 b5 16. Nge4 Bxe4 17. Nxe4 Nxe4 18. Qxe4 Rc8 19. Kb1 0-0 20. Bf4 Qb6 21. c3 Nxb3 22. axb3 a5 23. d4 Be7 24. d5 b4 25. c4 a4 26. Kc2 axb3+ 27. Kxb3 exd5 28. Rxd5 Qa7 29. Rhd1 Ra8 30. Kc2 b3+ 31. Kc1 Bb4 32. Bd2 Ba3 33. Bc3 Bc5 34. Bd4 Bxd4 35. R5xd4 Qc7 36. Kb1 Qxh2 37. Qxa8 Qxg2 38. Qe4 g6 39. Rd8 1-0

[Event "Barcelona op-B"]
[Site "Barcelona"]
[Date "1998.??.??"]
[Round "5"]
[White "Tey Gali, Josep M"]
[Black "Zamora Estrada, Sergi"]
[Result "0-1"]
[WhiteElo "2020"]
[BlackElo "1915"]
[PlyCount "48"]
[EventDate "1998.??.??"]
[EventType "swiss"]
[EventRounds "8"]
[EventCountry "ESP"]
[SourceTitle "EXT 2019"]
[Source "ChessBase"]
[SourceDate "2018.10.10"]
[SourceVersion "1"]
[SourceVersionDate "2018.10.10"]
[SourceQuality "1"]

1. e4 d5 2. exd5 Nf6 3. Nc3 Nxd5 4. Nxd5 Qxd5 5. Nf3 Bg4 6. Be2 Nc6 7. 0-0 0-0-0 8. c3 e5 9. h3 Bxf3 10. Bxf3 e4 11. Be2 f5 12. Qa4 Bd6 13. d4 exd3 14. Bf3 Qe5 15. g3 g5 16. Bxg5 Rdg8 17. Bh4 f4 18. g4 Qh5 19. Bf6 Qxh3 20. Qd1 h5 21. g5 Rxg5+ 22. Bxg5 Rg8 23. Bg4+ hxg4 24. f3 Bc5+ 0-1